Beautifying the home grounds /
Disimpan dalam:
| Pengarang Utama: | |
|---|---|
| Pengarang Korporat: | |
| Format: | Buku |
| Bahasa: | English |
| Diterbitkan: |
[Denton, Tex. :
College of Industrial Arts, Texas State College for Women],
1927.
|
| Siri: | College bulletin ;
no. 126 |
| Subjek-subjek: | |
| Penanda-penanda: |
Tambah Penanda
Tiada Penanda, Jadilah orang pertama menanda rekod ini!
|
| LEADER | 00808nam a2200229I 4500 | ||
|---|---|---|---|
| 001 | 001040412-0 | ||
| 005 | 20020606090541.3 | ||
| 008 | 800627s1927 txuae 00110 eng d | ||
| 010 | |a e 27000456 | ||
| 035 | 0 | |a ocm06466675 | |
| 040 | |a Library, U.S. Bur. of Education |c CLE | ||
| 100 | 1 | |a Westcourt, Fred W. | |
| 245 | 1 | 0 | |a Beautifying the home grounds / |c by Fred W. Westcourt. |
| 260 | 0 | |a [Denton, Tex. : |b College of Industrial Arts, Texas State College for Women], |c 1927. | |
| 300 | |a 106 p. : |b ill., plans ; |c 24 cm. | ||
| 490 | 0 | |a College bulletin ; |v no. 126 | |
| 500 | |a At head of title: College of Industrial Arts, The Texas State College for Women, Denton, Texas. | ||
| 500 | |a Includes index. | ||
| 650 | 0 | |a Landscape gardening. | |
| 710 | 2 | |a Texas Woman's University. | |
| 988 | |a 20020608 | ||
| 906 | |0 OCLC | ||


